000
00407nam a22001697a 4500
003
MPLRDC
005
20220104123539.0
008
210129b ||||| |||| 00| 0 eng d
082
_a
427.11 AM-2
100
_a
阿梅著
245
_a
广东家常小菜食谱
_c
260
_a
_b
福林图书公司
_c
300
_b
平
490
_a
福林食谱. 1
650
_a
中菜食谱
942
_c
BK
_o
427.11 AM-2
999
_c
12278
_d
12268